书目信息 |
| 题名: |
多媒体简明教程
|
|
| 作者: | SIMON COLLIN 著 | |
| 分册: | ||
| 出版信息: | 北京 机械工业出版社 1998.12 |
|
| 页数: | 149页 | |
| 开本: | 16开 | |
| 丛书名: | ||
| 单 册: | ||
| 中图分类: | TP333-43 | |
| 科图分类: | ||
| 主题词: | 电子数字计算机 | |
| 电子资源: | ||
| ISBN: | 7-111-06813-0 | |
| 000 | 00579nam0 2200193 45 | |
| 001 | 0011141994 | |
| 005 | 20001114193715.9 | |
| 010 | @a7-111-06813-0@d16.00元 | |
| 100 | @a20001114d1998 km y0chiy0120 ea | |
| 101 | 0 | @achi |
| 105 | @a z 000yy | |
| 200 | 1 | @a多媒体简明教程@ADuo Mei Ti Jian Ming Jiao Cheng@f(英)SIMON COLLIN 著@F(Ying)SIMON COLLIN Zhu |
| 210 | @a北京@c机械工业出版社@d1998.12 | |
| 215 | @a149页@d16开 | |
| 606 | 0 | @a电子数字计算机 |
| 690 | @aTP333-43@v3 | |
| 701 | 0 | @aSIMON COLLIN@4著 |
| 801 | @aCN@bPftUser@c20001114 | |
| 905 | @b405289-290@dTP333-43@eS836@f2 | |
| 多媒体简明教程/(英)SIMON COLLIN 著.-北京:机械工业出版社,1998.12 |
| 149页;16开 |
| ISBN 7-111-06813-0:16.00元 |
| ● |
| 相关链接 |
|
|
|
正题名:多媒体简明教程
索取号:TP333-43/S836
 
预约/预借
| 序号 | 登录号 | 条形码 | 馆藏地/架位号 | 状态 | 备注 |
| 1 | 405245 | 204052452 | 自科二线504/110考试书库 7排1列2层/ [索取号:TP333-43/S836] | 在馆 | |
| 2 | 405289 | 204052899 | 自科库301/504自科库 6排3列5层/ [索取号:TP333-43/S836] | 在馆 | |
| 3 | 405290 | 204052906 | 自科二线504/504自科库 6排3列5层/ [索取号:TP333-43/S836] | 在馆 |